00263 a2200109 4500001000700000020000600007040001100013100002300024240005100047245004600098362000900144169247 a  cMagnum aNavajas, Ana Maria10aAvaliacao institucional uma visao criticalpor10aAvaliacao institucional uma visao critica0 a1899